[Event "III Copa Marcel Duchamp 2019"]
[Site "Montevideo"]
[Date "2019.02.09"]
[Round "1.24"]
[White "Campora, Edgardo"]
[Black "Barreto, Ignacio C. de Barro"]
[Result "1/2-1/2"]
[WhiteElo "1663"]
[BlackElo "2212"]
[Annotator "TA"]
[PlyCount "67"]
[EventDate "2019.02.09"]
[EventType "swiss"]
[EventCountry "URU"]
[SourceTitle "playchess.com"]
[Source "ChessBase"]
[SourceQuality "1"]

{[%evp 22,67,-32,-87,-77,-85,-37,-39,-40,-39,-45,-97,-90,-219,-213,-220,-220,-218,-219,-195,-154,-153,208,208,212,193,204,175,270,268,715,709,695,675,671,649,585,625,429,0,0,0,0,0,0,0,0,0]} 1. e4 Nf6 2. e5 Nd5 3. c4 Nb6 4. d4 d6 5. exd6 cxd6 6. Nc3 Nc6 7. Nf3 Bg4 8. Be3 g6 9. h3 Bxf3 10. Qxf3 Bg7 11. Qd1 O-O 12. Rc1 (12. Be2 $15) 12... d5 $1 $17 {B04: Alekhine's Defence: 4 Nf3} 13. c5 Nc4 14. Bxc4 $1 (14. b3 Nxe3 15. fxe3 e5 16. Ne2 exd4 17. exd4 Nxd4 18. Kf2 Qh4+ 19. g3 Qf6+ 20. Kg1 {0-1 (29) Chatzipolitis,G (1769)-Velicka,P (2425) Aghios Kirykos 2018}) 14... dxc4 {Black is slightly better.} 15. Ne2 e5 16. d5 ({Better is} 16. dxe5 $15 Qa5+ 17. Nc3) 16... Nd4 $146 ({Predecessor:} 16... Nb4 17. Rxc4 Nxd5 18. O-O Nxe3 19. fxe3 Qxd1 20. Rxd1 {1-0 (77) Santos Filho,T (2076)-Baeta,M (2218) Rio de Janeiro 2006}) 17. Nxd4 (17. Nc3 $17) 17... exd4 $19 18. Bxd4 Qxd5 19. Bxg7 Qxg2 20. Bxf8 Qxh1+ 21. Kd2 Qxh3 $2 (21... Qe4 $1 $17 {[%cal Re4d3] keeps the pressure on. ( -> ...Qd3+)} 22. Kc3 Rxf8) 22. Rc3 $18 Qh4 23. Bd6 Qxf2+ {[#]} 24. Qe2 $1 {[%cal Re2f2]} Qd4+ (24... Qf6 $142 25. Kc2 (25. Rxc4 Qxb2+ {[%mdl 64] Double Attack} 26. Ke1 Qxe2+ 27. Kxe2 Rd8 $16) (25. Qxc4 Re8 $16) 25... Qf5+ 26. Kc1 b6 27. Rxc4 bxc5 28. Rxc5 Qd7) 25. Kc2 b5 $2 (25... Qd5 26. Rxc4 (26. Qxc4 Qc6 $16) 26... b6) 26. Re3 {Black must now prevent Re8+.} Qd5 27. Re8+ Rxe8 28. Qxe8+ {[%mdl 64] Double Attack} Kg7 {intending ...Qd3+.} 29. Be5+ Kh6 {[#]} 30. c6 $2 (30. Qf8+ $1 $18 Kg5 31. Qe7+ Kg4 32. Qd6 Qe4+ 33. Kd2) 30... Qd3+ $11 {The position is equal.} 31. Kc1 Qe3+ 32. Kd1 {White wants to mate with Bg7+!} Qf3+ 33. Kd2 Qd3+ 34. Kc1 {Accuracy: White = 53%, Black = 59%.} 1/2-1/2

[Event "III Copa Marcel Duchamp 2019"]
[Site "Montevideo"]
[Date "2019.02.09"]
[Round "1.25"]
[White "Coppola, Claudio"]
[Black "Lima Abadal, Nicolas"]
[Result "1-0"]
[WhiteElo "2209"]
[BlackElo "1656"]
[Annotator "TA"]
[PlyCount "47"]
[EventDate "2019.02.09"]
[EventType "swiss"]
[EventCountry "URU"]
[SourceTitle "playchess.com"]
[Source "ChessBase"]
[SourceQuality "1"]

{[%evp 13,47,-8,15,17,13,13,16,13,29,13,37,42,33,16,14,19,14,14,91,85,112,87,116,114,150,155,244,239,235,230,229,234,562,546,714,450]} 1. b3 Nf6 2. Bb2 g6 3. e4 Bg7 4. g3 d6 5. Bg2 e5 6. Ne2 O-O 7. O-O Nc6 8. d4 {A01: Nimzowitsch-Larsen Opening} (8. c4 Re8 9. d3 Ne7 10. d4 Nd7 11. Nbc3 exd4 12. Nxd4 Nc5 13. Qd2 Bd7 14. Rad1 Nc6 15. Nde2 a5 16. f3 {1-0 (50) Li,R (2517)-Kavutskiy,K (2365) Chicago 2016}) 8... exd4 9. Nxd4 Nxd4 10. Bxd4 {The position is equal.} Re8 11. Re1 c6 12. c4 Be6 $146 ({Predecessor:} 12... d5 13. exd5 Rxe1+ 14. Qxe1 cxd5 15. cxd5 Nxd5 16. Bxg7 Kxg7 {1-0 (41) Bonacic,N (2152)-Hozda,D (2039) Olomouc 2007}) 13. h3 d5 14. cxd5 cxd5 15. e5 Nh5 (15... Ne4 $11 {keeps the balance.}) 16. Nc3 $16 Qd7 17. Kh2 Rac8 18. Qf3 {[#] Black must now prevent g4.} Bh8 19. Rad1 a6 (19... b6 $16 {keeps fighting.} 20. Nxd5 Bxd5 21. Qxd5 Qe7) 20. Nxd5 $18 Bxd5 21. Qxd5 Qxd5 22. Bxd5 Rc2 $2 {[#]} (22... Ng7 {is a better chance.} 23. Bxb7 Rc2 24. Bxa6 Rxa2) 23. e6 f6 24. Bxb7 {Precision: White = 71%, Black = 40%.} 1-0

[Event "III Copa Marcel Duchamp 2019"]
[Site "Montevideo"]
[Date "2019.02.09"]
[Round "1.26"]
[White "Vassallo, Julio"]
[Black "El Ters, Antouan"]
[Result "0-1"]
[WhiteElo "1648"]
[BlackElo "2205"]
[Annotator "TA"]
[PlyCount "88"]
[EventDate "2019.02.09"]
[EventType "swiss"]
[EventCountry "URU"]
[SourceTitle "playchess.com"]
[Source "ChessBase"]
[SourceQuality "1"]

{[%evp 9,88,8,15,-21,-32,-28,-30,-23,-24,-40,-27,-34,-35,-37,-14,-44,-6,-16,-7,-23,-6,-162,-164,-168,-163,-167,-167,-219,-207,-222,-214,-206,-147,-164,-137,-133,-50,-108,-97,-129,-8,-144,-141,-129,-129,-201,-210,-211,-190,-185,-206,-242,-188,-154,-131,-117,-135,-155,-79,-148,-127,-213,-213,-304,-310,-552,-537,-492,-506,-479,-366,-497,-522,-488,-464,-457,-441,-414,-391,-29980,-29981]} 1. e4 c5 2. Nc3 Nc6 3. Bb5 Nd4 4. Bc4 g6 5. d3 (5. Nf3 Bg7 6. Nxd4 cxd4 7. Qf3 f5 8. Ne2 Qa5 9. c3 dxc3 10. dxc3 Nf6 11. exf5 Qxf5 12. Qxf5 gxf5 13. Bf4 d6 14. Rd1 Bd7 15. O-O {1-0 (69) Wei,Y (2724)-Dubov,D (2661) Ningbo 2015}) 5... Bg7 6. f4 {B23: Closed Sicilian: Lines without g3} (6. Nf3 {looks sharper.} e6 7. Bf4 d6 8. O-O Ne7 9. Nxd4 cxd4 10. Ne2) 6... e6 7. Nf3 Ne7 8. Nxd4 {Black has an edge.} cxd4 9. Ne2 O-O 10. O-O d5 11. Bb3 dxe4 12. dxe4 b6 13. Ng3 Qc7 $146 ({Predecessor:} 13... Ba6 14. Rf2 Nc6 {½-½ (34) Santos Filho,T (2058)-Soares,J (1869) Rio de Janeiro 2017}) 14. Qe2 a5 {And now ...Ba6 would win.} 15. Qc4 $2 (15. Bc4 $11 {and White is okay.}) 15... Qa7 $1 $19 {...a4 is the strong threat.} 16. Ba4 Ba6 $36 {[%mdl 2048] Black has strong initiative.} 17. Bb5 Rfc8 18. Qd3 (18. Bxa6 $142 Rxc4 19. Bxc4) 18... Bxb5 {[%mdl 64] Overworked Piece} 19. Qxb5 Rxc2 20. Rf2 Rc5 21. Qd3 Rac8 22. Bd2 Nc6 ({Better is} 22... f5 $17 23. Re1 Qd7) 23. a3 (23. e5 $15) 23... e5 24. f5 a4 {[#]} (24... Nd8 $1 $17 {With the idea ...Rc4.} 25. h4 Qe7 26. fxg6 hxg6) 25. fxg6 (25. Nh5 $1 $11 {[%mdl 512] remains equal.}) 25... hxg6 $17 26. Raf1 {[#]} Nd8 $1 27. Bb4 (27. h4 $17) 27... Rc1 $19 28. h4 Ne6 29. Bd2 Rxf1+ 30. Qxf1 Qe7 31. h5 {intending h6.} Qh4 32. hxg6 fxg6 ({But not} 32... Qxg3 $2 33. gxf7+ Kf8 34. Bb4+ Rc5 35. Qb5 $18) 33. Qa6 Rf8 (33... Rc2 $142 34. Qxb6 Nf4) 34. Rxf8+ (34. Qxb6 $142 Rxf2 35. Kxf2) 34... Nxf8 $17 ({Resist} 34... Kxf8 35. Qc8+ Kf7 36. Qd7+ Qe7 37. Qxa4 $17) 35. Qc4+ {[#]} (35. Be1 $17) 35... Kh7 $1 $19 36. Qd3 (36. Be1 $142) 36... Ne6 37. Ne2 $2 (37. Qf3 {was necessary.}) 37... Nc5 38. Qf3 Nxe4 39. Bb4 Nc5 40. g3 Qh5 41. g4 Qh4 42. Bxc5 bxc5 43. Ng3 Qh3 44. Qd3 $2 (44. Qg2 $19 Qh6 45. Ne4) 44... e4 {Accuracy: White = 37%, Black = 46%.} 0-1

[Event "III Copa Marcel Duchamp 2019"]
[Site "Montevideo"]
[Date "2019.02.09"]
[Round "1.27"]
[White "Hernandez Amura, Gilberto"]
[Black "Paz, Franco"]
[Result "1-0"]
[WhiteElo "2199"]
[BlackElo "1647"]
[Annotator "TA"]
[PlyCount "72"]
[EventDate "2019.02.09"]
[EventType "swiss"]
[EventCountry "URU"]
[SourceTitle "playchess.com"]
[Source "ChessBase"]
[SourceQuality "1"]

{[%evp 9,72,12,32,23,59,43,50,31,110,102,128,121,120,118,138,100,162,114,130,156,170,127,185,181,235,193,187,154,153,141,167,117,120,0,182,160,939,942,887,414,873,404,731,668,630,637,971,971,1083,1083,1083,1083,1083,1083,1083,1074,1108,933,1358,1314,2699,2776,2057,1927,29987]} 1. d4 d5 2. Bg5 c6 3. e3 Nd7 (3... Bf5 4. Nf3 Nd7 5. c4 Ngf6 6. Nc3 e6 7. Bd3 Bxd3 8. Qxd3 Be7 9. O-O O-O 10. c5 e5 11. Qc2 h6 12. Bh4 Nh5 13. Bxe7 Qxe7 14. b4 e4 15. Nd2 f5 16. f4 g5 17. g3 gxf4 18. exf4 {1-0 (35) Korobov,A (2708)-Malakhov,V (2702) Sochi 2015}) 4. Nf3 h6 5. Bh4 Ngf6 6. c4 {D00: 1 d4 d5: Unusual lines} g5 7. Bg3 Ne4 8. cxd5 $146 {White is slightly better.} ({Predecessor:} 8. Nbd2 Nxg3 9. hxg3 Nf6 10. Be2 Bf5 11. Qb3 Qb6 12. Qxb6 axb6 {1-0 (78) Verich,O (1028)-Markova,S (1107) LSS email 2010}) 8... Nxg3 ({Black should play} 8... cxd5 $14 9. Nc3 Nxg3 10. hxg3 e6) 9. hxg3 $16 Qa5+ 10. Nc3 Bg7 11. dxc6 bxc6 12. Bd3 Ba6 (12... Rb8 $16 {is a better defense.}) 13. O-O Bxd3 14. Qxd3 Rd8 15. Qe4 Qb6 (15... c5 $16 {was worth a try.} 16. Rac1 e6) 16. Rac1 Nf6 (16... Qxb2 $142 17. Qxc6 O-O) 17. Qf5 Qxb2 18. Rc2 Qb7 19. Rb1 Qa6 20. Qc5 Nd7 {[#]} 21. Qf5 (21. Qb4 $1 $16) 21... Nf6 $18 22. Ne4 Rd5 $2 (22... Nxe4 $16 23. Qxe4 e6 24. Qxc6+ Qxc6 25. Rxc6 O-O) 23. Rb8+ Rd8 24. Rxd8+ Kxd8 25. Nc5 (25. Ne5 $142 e6 26. Nxf7+ {[%mdl 64] Double Attack} Ke7 27. Qg6) 25... Qb6 (25... Qc8 $142 26. Qd3 Ke8) 26. Rc1 {White is clearly winning.} e6 27. Qc2 Nd7 28. Rb1 Qc7 29. Rb7 Qc8 30. Rxd7+ Qxd7 31. Nxd7 Kxd7 32. Qa4 Ra8 33. Qa6 {[#] Threatens to win with Qb7+.} Kc7 34. Nd2 Bf8 35. Nc4 f6 36. Na5 Bg7 {Accuracy: White = 59%, Black = 42%.} 1-0

[Event "III Copa Marcel Duchamp 2019"]
[Site "Montevideo"]
[Date "2019.02.09"]
[Round "1.28"]
[White "De la Torre, Andres"]
[Black "Lagar, Valentin Alejo"]
[Result "0-1"]
[WhiteElo "1634"]
[BlackElo "2196"]
[Annotator "TA"]
[PlyCount "88"]
[EventDate "2019.02.09"]
[EventType "swiss"]
[EventCountry "URU"]
[SourceTitle "playchess.com"]
[Source "ChessBase"]
[SourceQuality "1"]

{[%evp 9,88,17,25,0,10,3,8,0,1,0,0,0,5,-8,-7,-17,-28,-76,-47,-46,-17,-16,0,-75,-90,-94,-79,-109,-68,-98,-63,-157,-157,-174,-155,-157,-157,-293,-296,-289,-283,-296,-289,-298,-298,-390,-321,-320,-302,-324,-325,-356,-344,-499,-445,-536,-562,-531,-551,-550,-543,-516,-512,-573,-437,-650,-414,-455,-472,-838,-837,-766,-766,-1563,-1158,-29985,-29986,-29992,-29993,-29995,-29996]} 1. Nf3 Nf6 2. g3 d5 3. Bg2 Bg4 4. d3 Nbd7 5. h3 (5. Nbd2 e5 6. h3 Bh5 7. g4 Bg6 8. Nh4 c6 9. e3 Bd6 10. Qe2 Qe7 11. a3 Nc5 12. Nf1 Nfd7 13. Nxg6 hxg6 {0-1 (37) Duda,J (2717)-Sjugirov,S (2650) Riadh 2017}) 5... Bxf3 6. Bxf3 {A07: Réti Opening: New York and Capablanca Systems} e5 7. Nc3 c6 8. O-O {The position is equal.} d4 $146 ({Predecessor:} 8... Be7 9. e4 dxe4 10. Nxe4 Nxe4 11. dxe4 O-O 12. h4 Qc7 13. Qe2 {1-0 (41) Omar,N (2356)-Kojima,S (2408) Batumi 2018}) 9. Ne4 Nxe4 10. Bxe4 Bc5 11. Qd2 O-O 12. b4 Bb6 13. f4 f5 14. Bg2 Qe7 15. a4 exf4 16. gxf4 (16. Qxf4 $11 Rac8 17. Rb1) 16... a5 $36 {[%mdl 2048] Black is in control.} 17. b5 Rf6 18. Ba3 Bc5 19. bxc6 Bxa3 20. cxd7 {[#]} ({Better is} 20. cxb7 $15 Ra7 21. c3) 20... Bb4 $1 {[%cal Rb4d2]} 21. Qd1 Qxd7 22. e4 dxe3 23. Qf3 (23. c3 $17 {is the only way for White.} e2 24. Qxe2 Bxc3 25. Rab1) 23... Re8 $19 24. Qe2 b6 25. c4 Bc5 26. Rf3 Rd6 27. Rg3 Bd4 28. Ra2 Rh6 29. Kh2 Qd6 30. Qf3 Kh8 31. Rg5 (31. Re2 {keeps fighting.}) 31... Rf8 32. Kg3 Bf6 33. Rh5 Rxh5 34. Qxh5 Qxd3 {aiming for ...e2+.} 35. Qe2 Qd4 36. Bd5 Re8 37. Kf3 (37. h4 $142) 37... Qc3 38. Rc2 Qa1 39. Ra2 (39. Kg2 $142 Qxa4 40. Rc1) 39... Qh1+ 40. Kg3 Qg1+ 41. Kf3 Qg6 {Threatens to win with ...Bh4.} 42. Rc2 Bh4 {[%csl Gh4][%cal Rg6g3] Black mates.} 43. Qh2 {[#]} e2 $1 44. Rxe2 Qh5+ {Accuracy: White = 22%, Black = 67%.} 0-1

[Event "III Copa Marcel Duchamp 2019"]
[Site "Montevideo"]
[Date "2019.02.09"]
[Round "1.29"]
[White "Fiora, Emilio"]
[Black "Rey Besada, Fernando"]
[Result "1-0"]
[WhiteElo "2190"]
[BlackElo "2135"]
[Annotator "ChessBase"]
[PlyCount "33"]
[EventDate "2019.02.09"]
[EventType "swiss"]
[EventCountry "URU"]
[SourceTitle "playchess.com"]
[Source "ChessBase"]
[SourceQuality "1"]
[TimeControl "5400+30"]

1. e4 e6 2. d4 d5 3. Nc3 Bb4 4. a3 Bf8 5. Nf3 b6 6. Bd3 Ba6 7. Bxa6 Nxa6 8. Qe2 Nb8 9. exd5 Qe7 10. Ne5 Nf6 11. Bg5 h6 12. Qb5+ Kd8 13. Bf4 Qe8 14. Qb3 Bd6 15. dxe6 Qxe6 16. Qxe6 fxe6 17. Nf7+ {Ng8} 1-0

[Event "III Copa Marcel Duchamp 2019"]
[Site "Montevideo"]
[Date "2019.02.09"]
[Round "1.30"]
[White "Palacio, Enzo"]
[Black "Benoit, Rodrigo"]
[Result "0-1"]
[WhiteElo "1626"]
[BlackElo "2189"]
[Annotator "TA"]
[PlyCount "160"]
[EventDate "2019.02.09"]
[EventType "swiss"]
[EventCountry "URU"]
[SourceTitle "playchess.com"]
[Source "ChessBase"]
[SourceQuality "1"]

{[%evp 16,160,72,43,74,49,70,33,49,0,0,-2,0,0,0,0,17,13,9,17,52,40,54,43,42,41,61,38,53,36,36,16,16,16,16,16,16,16,16,25,25,13,25,19,18,0,16,18,43,43,45,8,39,1,34,0,0,0,0,0,6,-26,-29,-32,-32,-33,-25,-91,-54,-34,-22,-53,-40,-120,-108,-84,-81,-98,-72,-72,-82,-116,-91,-108,-102,-96,-124,-123,-46,-65,-74,-87,0,-28,-20,-241,-132,-132,-84,-491,-454,-413,-110,-96,-86,-197,-8,-103,-9,-22,0,-119,-119,-119,-119,-570,-497,-475,-119,-281,-198,-1861,-8,-8,-8,-29972,-29973,-29973,-29974,-29974,-29975,-29976,-29977,-29977,-29977,-29977,-29973,-29977,-29978,-29978,-29979,-29979,-29980,-29980,-29980,-29981,-29980]} 1. e4 g6 2. d4 Bg7 3. Nf3 d6 4. c4 Nf6 5. Nc3 O-O 6. Be2 c5 7. d5 Na6 8. O-O Nc7 9. Qc2 Rb8 {E91: King's Indian: Classical: 6 Be2, unusual replies including 6...c5 and 6...Bg4} (9... a6 10. a4 b6 11. h3 Rb8 12. Bf4 Bd7 13. e5 Nfe8 14. Bd3 b5 15. axb5 axb5 16. b3 Rb6 17. Rfe1 {½-½ (26) Sygulski,B (2355)-Gritsak,O (2500) Zakopane 2000}) 10. Bf4 $146 ({Predecessor:} 10. a4 b6 11. h3 a6 12. Bf4 Bd7 13. e5 Nfe8 14. Rab1 b5 15. b3 Qc8 16. Rfe1 dxe5 17. Nxe5 bxc4 18. bxc4 Rxb1 19. Rxb1 Nd6 20. Nxd7 Qxd7 21. Bd3 {½-½ (21) Grochowalski,P (2132)-Stolarczyk,A (2191) Wloclawek 2006}) 10... Bd7 11. Nd2 Nfe8 {White is slightly better.} 12. a4 e5 13. dxe6 Nxe6 14. Be3 N8c7 15. Nf3 Qe7 16. Rad1 Bc6 17. Rfe1 Rfd8 18. Nd5 Qf8 19. b3 Re8 20. Bf1 b6 21. Qd2 Na6 22. g3 Rbd8 23. Bg2 Nec7 24. Bg5 f6 25. Bf4 Nxd5 26. exd5 Bd7 27. Rxe8 Rxe8 28. Re1 Rxe1+ 29. Qxe1 Nb4 30. Qe2 Kf7 31. Nd2 f5 32. Nf3 {[%cal Bd2f3,Bf3e1,Be1d3][%mdl 32]} h6 33. Bd2 a5 34. Ne1 (34. h4 {keeps more tension.} Qe7 35. Qd1 Na2 36. Be3 Nc3 37. Qd2) 34... Qe7 (34... Qh8 {feels hotter.} 35. Qe3 g5 36. h4 Bd4 37. Qf3 Bf6) 35. Kf1 (35. Qxe7+ {with more complications.} Kxe7 36. h4 Na2 37. Kf1 Kf7 38. Ke2) 35... Qxe2+ 36. Kxe2 g5 37. f4 Kg6 38. Nd3 Nc2 39. Nc1 Bb2 40. Nd3 Bd4 41. h3 (41. Nc1 $11) 41... Ba1 {White must now prevent ...Nd4+.} 42. Nc1 Bb2 43. Nd3 Nd4+ 44. Kd1 (44. Ke3 $15 Nc2+ 45. Ke2 Nd4+ 46. Ke3 gxf4+ 47. gxf4 (47. Nxf4+ Kf7 $17)) 44... Ba3 $17 45. fxg5 hxg5 46. h4 gxh4 47. gxh4 Nxb3 48. Bf4 Bxa4 49. Bxd6 Nc1+ $1 50. Kd2 Nxd3 51. Kxd3 {[%mdl 4096] Endgame KBB-KBB} Kh5 ({Black should play} 51... b5 $1 $17 {And now ...Bb3 would win.} 52. Bc7 b4) 52. Bh3 $15 Bd7 53. Be7 Bb4 (53... Bb2 $17) 54. Bd8 a4 {Threatens to win with ...a3.} 55. Bg2 $2 (55. Kc2 $11 {and White stays safe.}) 55... b5 (55... a3 $19 56. Bf3+ Kh6 57. Bg5+ Kg6) 56. Bf3+ $17 Kh6 57. cxb5 $2 {[%mdl 8192]} (57. Bg5+ $17 {is a better chance.} Kg6 58. Bd1) 57... Bxb5+ $19 58. Kc2 Kg6 $2 (58... a3 $19 59. Kb3 Kg7) 59. h5+ $17 Kh7 $1 60. Bf6 (60. Be7 $17) 60... Bd7 $2 (60... c4 $1 $19 61. Kb1 Bd6) 61. Kb2 (61. Be5 $11) 61... Be1 (61... c4 $17 62. Be2 Bb5) 62. Be2 Bf2 63. Bd1 {[#]} (63. Bg5 $11) 63... Bd4+ $1 64. Bxd4 cxd4 {[%cal Bc5d4,Bd4d3][%mdl 32] KB-KB} 65. Ka3 $2 {[%mdl 8192]} (65. d6 $17 {is tougher.}) 65... d3 $19 66. Kb2 f4 $2 (66... Kh6 $19 {is more deadly.} 67. d6 d2) 67. Kc3 $2 {[#]} (67. d6 $17 {was the only chance.}) 67... a3 $1 68. Bb3 $2 (68. d6) 68... Kh6 $2 ({Better is} 68... Bb5 $19 {Hoping for ...f3.} 69. d6 f3) 69. Kxd3 $11 Kxh5 {...Ba4! is the strong threat.} (69... f3 $5 70. Ke3 $8 Bg4 $11) 70. Bd1+ $2 {[%mdl 8192]} (70. Kc3 $11) 70... Kg5 {Black mates.} 71. Kc3 Kf6 72. Bf3 Ba4 73. Bg2 Ke5 74. Bh1 Bd1 75. Bg2 Be2 76. Bh1 a2 77. Kb2 Bc4 78. d6 Kxd6 79. Bf3 Ke5 80. Bg4 Kd4 {Precision: White = 26%, Black = 46%.} 0-1

[Event "III Copa Marcel Duchamp 2019"]
[Site "Montevideo"]
[Date "2019.02.09"]
[Round "1.31"]
[White "Hurtado Bahamonde, Rodrigo"]
[Black "Pena Perez, Luis Eduardo"]
[Result "1-0"]
[WhiteElo "2172"]
[BlackElo "2099"]
[Annotator "ChessBase"]
[PlyCount "47"]
[EventDate "2019.02.09"]
[EventType "swiss"]
[EventCountry "URU"]
[SourceTitle "playchess.com"]
[Source "ChessBase"]
[SourceQuality "1"]
[TimeControl "5400+30"]

1. e4 c5 2. Nf3 d6 3. d4 cxd4 4. Nxd4 a6 5. c4 Nf6 6. Nc3 Nc6 7. Be2 e6 8. O-O Be7 9. Be3 O-O 10. Kh1 Bd7 11. f4 Nxd4 12. Qxd4 Bc6 13. b4 d5 14. b5 axb5 15. cxb5 Bd7 16. exd5 exd5 17. Nxd5 Nxd5 18. Qxd5 Ra3 19. Bc5 Bxc5 20. Qxc5 Qa5 21. Rad1 Be6 22. f5 b6 23. Qe7 Bxa2 24. Rd8 1-0

[Event "III Copa Marcel Duchamp 2019"]
[Site "Montevideo"]
[Date "2019.02.09"]
[Round "1.32"]
[White "Milan, Julio"]
[Black "Sarquis, Maria Belen"]
[Result "0-1"]
[WhiteElo "1614"]
[BlackElo "2164"]
[Annotator "ChessBase"]
[PlyCount "56"]
[EventDate "2019.02.09"]
[EventType "swiss"]
[EventCountry "URU"]
[SourceTitle "playchess.com"]
[Source "ChessBase"]
[SourceQuality "1"]
[TimeControl "5400+30"]

1. e4 e5 2. Nf3 Nc6 3. Bc4 Bc5 4. c3 Nf6 5. b4 Bb6 6. h3 d6 7. d3 h6 8. Nbd2 Ne7 9. Nf1 Ng6 10. a4 c6 11. Be3 O-O 12. Qd2 d5 13. exd5 cxd5 14. Bxb6 Qxb6 15. Bb3 Be6 16. Ng3 Rac8 17. O-O Rc7 18. Rac1 Rfc8 19. Rfe1 Qd6 20. Ne2 a5 21. b5 Nh5 22. Ng3 Nhf4 23. Nxe5 Nxh3+ 24. gxh3 Nxe5 25. Kg2 Ng6 26. Nh5 Nh4+ 27. Kh1 Nf3 28. Qe3 Qh2# 0-1